Statistics for Etymology of Months

Click here to take the quiz!

General Stats

  • This quiz has been taken 42 times
  • The average score is 8 of 12

Answer Stats

MonthHintAnswer% Correct
AugustRoman EmperorCaesar Augustus
100%
JulyRoman GeneralGaius Julius Caesar
98%
OctoberNumberEight
95%
NovemberNumberNine
95%
SeptemberNumberSeven
95%
DecemberNumberTen
95%
MarchRoman GodMars
83%
JanuaryRoman GodJanus
73%
JuneRoman GoddessJuno
73%
MayGreek GoddessMaia
20%
AprilRoman GoddessVenus
10%
FebruaryRoman FesitvalThe Purgings / The Purifications
3%

Score Distribution

Percentile by Number Answered

Percent of People with Each Score

Your Score History

You have not taken this quiz